=LDR 00000nam 2200000 4500 =001 NUTBA000000000003452 =005 20140819150155.0 =006 =007 =008 =020 ##$$a 978-979-29-3264-5 =035 ##$$a 0010-081400000000297 =040 ##$$a NBPDMAT =082 ##$$a 372.707 6 =090 ##$$a 372.707 6 $b Tim m =100 ##$$a Tim Karya Media Guru =245 ##$$a Mandiri dan sukses ulangan matematika kelas VI SD/MI dilengkapi dengan latihan soal dan pembahasan / $c Tim Karya Media Guru =260 ##$$a Yogyakarta : $b Andi, $c 2012 =300 ##$$a viii, 136 hlm. ; $c 23 cm. =650 ##$$a Matematika SD-Studi dan pengajaran =990 ##$$a 21405777